000 01131nam a22002897a 4500
999 _c21435
_d21435
003 AR-CdUCM
008 190220b ||||| |||| 00| 0 spa d
020 _a9789972510984
040 _aMUNICIPALIDAD PROVINCIAL DEL CUSCO
_cBIBLIOTECA MUNICIPAL DEL CUSCO
082 _a985.008/R84
_bR84
100 _aRostworowski de Diez Canseco, María
_97375
245 _aCosta peruana prehispánica /
_cMaría Rostworowski
260 _aLima :
_bInstituto de Estudios Peruanos, IEP,
_c2014.
300 _a376 páginas ;
_bilustraciones, mapas ;
_c24 cm.
440 _aSerie Historia Andina,
_n26.
_944763
500 _aIncluye el prólogo de la obra: Conflicts over coca fields in XVIth-century Peru / Joyce Marcus editor, vol.4. Memoris of the Museum of Anthropology.
_aBibliografía: p. [355]-376.
650 _aEtnohistoria
_92030
650 _aÉpoca Prehispánica
_92714
650 _aIncas
_9303
650 _aInkas
_91899
650 _aAspectos económicos
_9261
650 _aAspectos sociales
_9262
650 _aPerú
_944764
710 _aInstituto de Estudios Peruanos (Lima)
_99759
942 _2ddc
_cLIBROS
945 _aRoel